Statistics for Most Visited Websites

Click here to take the quiz!

General Stats

  • This quiz has been taken 25 times
  • The average score is 11 of 45

Answer Stats

RankAnswer% Correct
1Google.com
100%
3Facebook.com
91%
5Twitter.com
78%
11Amazon.com
74%
4Instagram.com
74%
24Bing.com
70%
2YouTube.com
70%
12TikTok.com
65%
13Yahoo.co.jp
65%
8Yahoo.com
65%
7Wikipedia.org
57%
27Mail.ru
43%
43Ebay.com
39%
35Microsoft.com
30%
18Reddit.com
30%
19Netflix.com
26%
16Linkedin.com
22%
34Pinterest.com
13%
31Twitch.tv
13%
23Weather.com
13%
10WhatsApp.com
13%
40MSN.com
9%
42Quora.com
9%
37Zoom.us
9%
29Discord.com
4%
38DuckDuckGo.com
4%
44Globo.com
4%
14Live.com
4%
21Office.com
4%
17OpenAI.com
4%
28Samsung.com
4%
22VK.com
4%
6Baidu.com
0%
34BiliBili.com
0%
15Docomo.ne.jp
0%
20Dzen.ru
0%
41Fandom.com
0%
30Mac.com
0%
32MicrosoftOnline.com
0%
25Naver.com
0%
39QQ.com
0%
33RealsRV.com
0%
36Roblox.com
0%
26TurboPages.org
0%
9Yandex.ru
0%

Score Distribution

Percentile by Number Answered

Percent of People with Each Score

Your Score History

You have not taken this quiz